| 000 | 00898nam a22002297a 4500 | ||
|---|---|---|---|
| 999 |
_c1730 _d1730 |
||
| 003 | AR-CdUCM | ||
| 008 | 190227b ||||| |||| 00| 0 spa d | ||
| 020 | _a997277807X | ||
| 040 |
_aMUNICIPALIDAD PROVINCIAL DEL CUSCO _cBIBLIOTECA MUNICIPAL DEL CUSCO |
||
| 082 |
_a985.01 / _bV28 |
||
| 100 |
_aVargas Carlderon ,Cesar _96371 |
||
| 245 |
_aMacchu Picchu, Paraiso de los Botanicos : _bRomance de un Colector de Plantas (Antologia) / _cVargas Carlderon ,Cesar |
||
| 260 |
_aCusco - PerĂº : _bPrograma Macchu Picchu , _c2001. |
||
| 300 |
_a177 paginas : _c24 cm. |
||
| 505 | _aMacchu Picchu paraiso de los botanicos: rocance colector de plantas, antologia de cesar vargas calderon | ||
| 650 |
_aMacchu Picchu. _96372 |
||
| 650 |
_aHerbolaria. _96373 |
||
| 650 |
_aValle Sagrado de los Incas. _96374 |
||
| 700 |
_aVargas Carlderon ,Cesar _96371 |
||
| 942 |
_2ddc _cLIBROS |
||
| 945 |
_artm _d2019-02-27 |
||